Para entender la fruticultura
Salvato in:
| Autore principale: | |
|---|---|
| Natura: | Libro |
| Lingua: | spagnolo |
| Pubblicazione: |
Santiago, Chile
Bruno Razeto
2006
|
| Edizione: | Cuarta edición |
| Soggetti: | |
| Accesso online: | Disponible Online - Cap 1 y 2 - 5 y 8 |
| Tags: |
Aggiungi Tag
Nessun Tag, puoi essere il primo ad aggiungerne!!
|
MARC
| LEADER | 00000cam a2200000 a 4500 | ||
|---|---|---|---|
| 001 | UCH2246 | ||
| 003 | CL-VaPUC | ||
| 005 | 20250116124733.0 | ||
| 008 | 090604e20060000CL |||||||||||||||||spa|d | ||
| 999 | |c 334031 |d 334029 | ||
| 020 | |a 956310174X | ||
| 040 | |c Pontificia Universidad Católica de Valparaíso | ||
| 082 | 0 | 4 | |a 634 RAZ 2006 |
| 100 | |a Razeto Migliaro, Bruno |e autor |9 536938 | ||
| 245 | 1 | 0 | |a Para entender la fruticultura |
| 250 | |a Cuarta edición | ||
| 260 | |a Santiago, Chile |b Bruno Razeto |c 2006 | ||
| 300 | |a 518 páginas | ||
| 583 | |a last modification |c 20161110 06:01:43 |k Rodrigo Vera | ||
| 650 | 0 | |a Fruticultura |9 259678 | |
| 650 | 0 | |a Fertilización |9 259681 | |
| 650 | 0 | |a Poda |9 259686 | |
| 650 | 0 | |a Manejo de suelos |9 325414 | |
| 650 | 0 | |a Clasificación botánica |9 892578 |x Frutales | |
| 856 | |u http://bibliografiadigital.pucv.cl/index.php/bibliotecapucv/catalog/book/779 |y Disponible Online - Cap 1 y 2 - 5 y 8 | ||
| 942 | |c BK |2 ddc | ||
| 945 | |d 20090604 00:00:00 |a cmena | ||
| 952 | |0 0 |1 0 |4 0 |6 634_000000000000000_RAZ_2006 |7 0 |8 R |9 422760 |a BIBAGR |b BIBAGR |d 2019-11-22 |i 4559800 |o 634 RAZ 2006 |p 4559800 |r 2025-01-20 |w 2019-11-22 |y BK_R |k AGR | ||
| 952 | |0 0 |1 1 |2 ddc |4 0 |6 634_000000000000000_RAZ_2006 |7 0 |8 R |9 422761 |a BIBAGR |b BIBAGR |d 2019-11-22 |i 4559819 |o 634 RAZ 2006 |p 4559819 |r 2023-06-22 |w 2019-11-22 |y BK_R |k AGR | ||
| 952 | |0 0 |1 0 |4 0 |6 634_000000000000000_RAZ_2006 |7 0 |8 R |9 422762 |a BIBAGR |b BIBAGR |d 2019-11-22 |i 4559827 |o 634 RAZ 2006 |p 4559827 |r 2025-01-20 |w 2019-11-22 |y BK_R |k AGR | ||
| 952 | |0 0 |1 0 |4 0 |6 634_000000000000000_RAZ_2006 |7 0 |8 R |9 422763 |a BIBAGR |b BIBAGR |d 2019-11-22 |i 4559835 |o 634 RAZ 2006 |p 4559835 |r 2025-01-20 |w 2019-11-22 |y BK_R |k AGR | ||
| 952 | |0 0 |1 0 |4 0 |6 634_000000000000000_RAZ_2006 |7 0 |8 R |9 422764 |a BIBAGR |b BIBAGR |d 2019-11-22 |i 4559843 |o 634 RAZ 2006 |p 4559843 |r 2025-01-20 |w 2019-11-22 |y BK_R |k AGR | ||
| 952 | |0 0 |1 0 |4 0 |6 634_000000000000000_RAZ_2006 |7 0 |8 R |9 422765 |a BIBAGR |b BIBAGR |d 2019-11-22 |i 4559851 |o 634 RAZ 2006 |p 4559851 |r 2025-01-20 |w 2019-11-22 |y BK_R |k AGR | ||
| 952 | |0 0 |1 0 |4 0 |6 634_000000000000000_RAZ_2006 |7 0 |8 R |9 422769 |a BIBAGR |b BIBAGR |d 2019-11-22 |i 4730070 |l 1 |o 634 RAZ 2006 |p 4730070 |r 2025-01-20 |s 2023-04-03 |w 2019-11-22 |y BK_R |k AGR | ||
| 952 | |0 0 |1 0 |4 0 |6 634_000000000000000_RAZ_2006 |7 0 |8 R |9 422770 |a BIBAGR |b BIBAGR |d 2019-11-22 |i 4730089 |o 634 RAZ 2006 |p 4730089 |r 2025-01-20 |w 2019-11-22 |y BK_R |k AGR | ||
| 952 | |0 0 |1 0 |4 0 |6 634_000000000000000_RAZ_2006 |7 0 |8 R |9 422771 |a BIBAGR |b BIBAGR |d 2019-11-22 |i 4730097 |l 2 |o 634 RAZ 2006 |p 4730097 |r 2025-01-20 |s 2021-11-15 |w 2019-11-22 |y BK_R |k AGR | ||
| 952 | |0 0 |1 0 |4 0 |6 634_000000000000000_RAZ_2006 |7 0 |8 R |9 422772 |a BIBAGR |b BIBAGR |d 2019-11-22 |i 4730100 |l 1 |o 634 RAZ 2006 |p 4730100 |r 2025-01-20 |s 2021-11-23 |w 2019-11-22 |y BK_R |k AGR | ||
| 952 | |0 0 |1 0 |4 0 |6 634_000000000000000_RAZ_2006 |7 0 |8 R |9 422773 |a BIBAGR |b BIBAGR |d 2019-11-22 |i 4730119 |o 634 RAZ 2006 |p 4730119 |r 2025-01-20 |w 2019-11-22 |y BK_R |k AGR | ||
| 952 | |0 0 |1 0 |4 0 |6 634_000000000000000_RAZ_2006 |7 0 |8 R |9 422774 |a BIBAGR |b BIBAGR |d 2019-11-22 |i 4730127 |l 2 |o 634 RAZ 2006 |p 4730127 |r 2025-01-20 |s 2023-10-03 |w 2019-11-22 |y BK_R |k AGR | ||
| 952 | |0 0 |1 0 |4 0 |6 634_000000000000000_RAZ_2006 |7 0 |8 R |9 422775 |a BIBAGR |b BIBAGR |d 2019-11-22 |i 4730135 |l 4 |o 634 RAZ 2006 |p 4730135 |r 2025-03-20 |s 2025-03-18 |w 2019-11-22 |y BK_R |k AGR | ||
| 952 | |0 0 |1 0 |4 0 |6 634_000000000000000_RAZ_2006 |7 0 |8 R |9 422776 |a BIBAGR |b BIBAGR |d 2019-11-22 |i 4730143 |l 3 |o 634 RAZ 2006 |p 4730143 |r 2025-01-20 |s 2024-11-18 |w 2019-11-22 |y BK_R |k AGR | ||
| 952 | |0 0 |1 0 |4 0 |6 634_000000000000000_RAZ_2006 |7 0 |8 R |9 422777 |a BIBAGR |b BIBAGR |d 2019-11-22 |i 4730151 |l 1 |o 634 RAZ 2006 |p 4730151 |r 2025-01-20 |s 2020-04-06 |w 2019-11-22 |y BK_R |k AGR | ||
| 952 | |0 0 |1 0 |4 0 |6 634_000000000000000_RAZ_2006 |7 0 |8 R |9 422778 |a BIBAGR |b BIBAGR |d 2019-11-22 |i 473016K |o 634 RAZ 2006 |p 473016K |r 2025-01-20 |w 2019-11-22 |y BK_R |k AGR | ||
| 952 | |0 0 |1 0 |3 erb |4 0 |6 634_000000000000000_RAZ_2006 |7 0 |8 R |9 422779 |a BIBAGR |b BIBAGR |i 5346592 |l 3 |o 634 RAZ 2006 |p 5346592 |r 2025-01-20 |s 2024-11-15 |w 2019-11-22 |y BK_R |z Catalogado en:20161111 |k AGR | ||